|
|
|
|
| LEADER |
01000nam a22002657a 4500 |
| 001 |
35964 |
| 003 |
BD-DhAAL |
| 005 |
20191218100032.0 |
| 008 |
191218r20062001si a|||| |||| 00| 0 eng d |
| 999 |
|
|
|c 42061
|d 42061
|
| 020 |
|
|
|a 9814027502
|
| 040 |
|
|
|a BD-DhAAL
|
| 082 |
|
|
|a 420
|
| 100 |
|
|
|a Ling, Judy
|9 38414
|
| 245 |
|
|
|a English.
|n 1B,
|b Workbook /
|c Judy Ling ; Anne Smith
|
| 260 |
|
|
|a Singapore :
|b Federal Publications,
|c c2001 [third impression 2006]
|
| 300 |
|
|
|a ii, 98 pages :
|b illustrations ;
|c 26 cm
|
| 526 |
|
|
|a BIED
|
| 541 |
|
|
|a Complimentary copy from BIED
|e 35964
|
| 650 |
|
|
|a English language
|x Problems, exercises, etc.
|9 38415
|
| 650 |
|
|
|a English language.
|9 38416
|
| 700 |
|
|
|a Smith, Anne
|9 38417
|
| 852 |
|
|
|a Ayesha Abed Library
|c General Stacks
|
| 942 |
|
|
|2 ddc
|c BK
|
| 952 |
|
|
|0 0
|1 0
|2 ddc
|4 0
|6 420_000000000000000_LIN
|7 0
|9 67496
|a BRACUL
|b BRACUL
|c GEN
|d 2019-12-18
|e Complimentary copy from BIED
|l 0
|o 420 LIN
|p 3010035964
|r 2019-12-18
|t 1
|w 2019-12-18
|y BK
|x Transferred from BIED to General Stacks
|